000 00524nam a2200181Ia 4500
008 090711s9999 xx 000 0 und d
082 _b46899
100 _aप्रीतम अमgता
245 _aरसिदी टिकट
260 _c1983
300 _a154
600 _aप्रीतम अमgता
630 _aरसिदी टिकट
700 _aशहा मुरलीधर
700 _aप्रीतम अमgता
730 _aरसिदी टिकट
942 _cBOOK
999 _c332205
_d332205